| 000 | 00633nam a2200181 4500 | ||
|---|---|---|---|
| 001 | 111730 | ||
| 003 | ES-MaACL | ||
| 005 | 20230906185342.0 | ||
| 007 | t| | ||
| 008 | 061121s1964 sp r ||||1| spa d | ||
| 100 | 1 |
_aOrgel, Leslie E. _987245 |
|
| 245 | 1 | 0 |
_aIntroducción a la química de los metales de transición / _cLeslie E. Orgel ; versión de José Masaguer Fernández, Salvador González García. |
| 260 |
_aBarcelona : _bReverte, _c1964. |
||
| 300 |
_a138 p. : _bil. ; _c22 cm. |
||
| 700 | 1 |
_aMasaguer Fernández, José. _978662 |
|
| 700 | 1 |
_aGonzález García, Salvador. _958660 |
|
| 852 |
_aES-MaACL _jC-25994 _bR.54618 |
||
| 999 |
_c111730 _d111730 |
||